Accounting (Record no. 12434)
[ view plain ]
| 000 -LEADER | |
|---|---|
| fixed length control field | 00480nam a22001937a 4500 |
| 003 - CONTROL NUMBER IDENTIFIER | |
| control field | mut |
| 005 - DATE AND TIME OF LATEST TRANSACTION | |
| control field | 20240606081225.0 |
| 008 - FIXED-LENGTH DATA ELEMENTS--GENERAL INFORMATION | |
| fixed length control field | 170929b xxu||||| |||| 00| 0 eng d |
| 020 ## - INTERNATIONAL STANDARD BOOK NUMBER | |
| International Standard Book Number | 0130896934 |
| 040 ## - CATALOGING SOURCE | |
| Transcribing agency | mut |
| 050 ## - LIBRARY OF CONGRESS CALL NUMBER | |
| Classification number | HF 5635 |
| Item number | .A25 2002 |
| 245 ## - TITLE STATEMENT | |
| Title | Accounting |
| 250 ## - EDITION STATEMENT | |
| Edition statement | Canadian 5th ed. |
| 260 ## - PUBLICATION, DISTRIBUTION, ETC. | |
| Place of publication, distribution, etc. | Toronto |
| Name of publisher, distributor, etc. | Prentice Hall |
| Date of publication, distribution, etc. | 2002 |
| 650 ## - SUBJECT ADDED ENTRY--TOPICAL TERM | |
| Topical term or geographic name entry element | Accounting |
| 650 ## - SUBJECT ADDED ENTRY--TOPICAL TERM | |
| Topical term or geographic name entry element | Managerial accounting |
| 700 ## - ADDED ENTRY--PERSONAL NAME | |
| Personal name | Horngrn, Charles T. [et al...] |
| 942 ## - ADDED ENTRY ELEMENTS (KOHA) | |
| Source of classification or shelving scheme | Library of Congress Classification |
| Koha item type | Books |
| Withdrawn status | Lost status | Source of classification or shelving scheme | Damaged status | Not for loan | Home library | Current library | Shelving location | Date acquired | Source of acquisition | Total checkouts | Full call number | Barcode | Date last seen | Price effective from | Koha item type |
|---|---|---|---|---|---|---|---|---|---|---|---|---|---|---|---|
| Library of Congress Classification | Murang'a University of Technology Library | Murang'a University of Technology Library | General stacks | 29/09/2017 | Donation-TFC | HF 5635 .A25 2002 | 012893 | 30/08/2024 | 29/09/2017 | Books | |||||
| Library of Congress Classification | Murang'a University of Technology Library | Murang'a University of Technology Library | General stacks | 02/10/2017 | Donation-TFC | HF 5635 .A25 2002 | 015318 | 30/08/2024 | 02/10/2017 | Books | |||||
| Library of Congress Classification | Murang'a University of Technology Library | Murang'a University of Technology Library | General stacks | 08/04/2019 | Donation-TFC | HF 5635 .A25 2002 | 025776 | 30/08/2024 | 08/04/2019 | Books | |||||
| Library of Congress Classification | Murang'a University of Technology Library | Murang'a University of Technology Library | General stacks | 27/11/2019 | Donation-TFC | HF 5635 .A25 2002 | 028075 | 30/08/2024 | 27/11/2019 | Books |